[Event "Mid Bohemia Region-chT 2223"]
[Site "Czech Republic"]
[Date "2023.04.02"]
[Round "11.2"]
[White "Bauer, Jindrich"]
[Black "Petrak, Robert"]
[Result "1-0"]
[WhiteElo "2090"]
[BlackElo "2008"]
[PlyCount "106"]
[EventDate "2022.10.09"]
[EventType "team-tourn"]
[EventRounds "11"]
[EventCountry "CZE"]
[SourceTitle "EXT 2024"]
[Source "ChessBase"]
[SourceDate "2023.10.10"]
[SourceVersion "1"]
[SourceVersionDate "2023.10.10"]
[SourceQuality "1"]
[WhiteTeam "Zdice"]
[BlackTeam "Odolena Voda Aero"]
[WhiteTeamCountry "CZE"]
[BlackTeamCountry "CZE"]

1. e4 Nf6 2. e5 Nd5 3. d4 d6 4. c4 Nb6 5. f4 dxe5 6. fxe5 Bf5 7. Be3 e6 8. Nc3 Be7 9. Be2 0-0 10. Nf3 Nc6 11. Qd2 f6 12. exf6 Bxf6 13. 0-0 Qe7 14. Rad1 Rad8 15. Rfe1 Rd7 16. c5 Nc8 17. d5 Rfd8 18. Nd4 Nxd4 19. Bxd4 Qf7 20. Bxf6 Qxf6 21. Bf3 exd5 22. Bxd5+ Kh8 23. Qe2 c6 24. Bf3 h6 25. Rxd7 Bxd7 26. Be4 Re8 27. Rf1 Qe5 28. Qf2 Be6 29. Bg6 Rg8 30. Re1 Qf6 31. Qxf6 gxf6 32. Rxe6 Rxg6 33. Ne4 Kg7 34. Re8 Rg4 35. Nc3 Rb4 36. b3 Nb6 37. cxb6 Rxb6 38. Re7+ Kg6 39. Ne4 Ra6 40. g4 Rxa2 41. h4 h5 42. Re6 hxg4 43. Rxf6+ Kh5 44. Rf7 g3 45. Rf4 g2 46. Ng3+ Kg6 47. h5+ Kg5 48. Rf5+ Kg4 49. Rf2 Ra1+ 50. Kxg2 Rb1 51. h6 Rxb3 52. Ne4 Rd3 53. h7 Rd8 1-0

[Event "Mid Bohemia Region-chT 2223"]
[Site "Czech Republic"]
[Date "2023.01.29"]
[Round "7.2"]
[White "Petrak, Robert"]
[Black "Seidl, Jan1111"]
[Result "1-0"]
[WhiteElo "2008"]
[BlackElo "1997"]
[PlyCount "60"]
[EventDate "2022.10.09"]
[EventType "team-tourn"]
[EventRounds "11"]
[EventCountry "CZE"]
[SourceTitle "EXT 2024"]
[Source "ChessBase"]
[SourceDate "2023.10.10"]
[SourceVersion "1"]
[SourceVersionDate "2023.10.10"]
[SourceQuality "1"]
[WhiteTeam "Odolena Voda Aero"]
[BlackTeam "Kralupy nad Vltavou"]
[WhiteTeamCountry "CZE"]
[BlackTeamCountry "CZE"]

1. e3 d5 2. Ne2 c5 3. g3 Nc6 4. Bg2 h5 5. d4 cxd4 6. Nxd4 Nf6 7. c4 e5 8. Nxc6 bxc6 9. Nc3 Be6 10. Qa4 Qd7 11. cxd5 cxd5 12. Qxd7+ Kxd7 13. 0-0 Bb4 14. Bd2 Ke7 15. a3 Bc5 16. Rac1 Rac8 17. b4 Bd6 18. Rfd1 Bb8 19. Na4 Bd6 20. Nc5 Nd7 21. Nxd7 Kxd7 22. Bc3 e4 23. Bxg7 Rxc1 24. Rxc1 Rb8 25. Bf1 Bf5 26. Bd4 a5 27. bxa5 Bxa3 28. Ra1 Bd6 29. a6 Ra8 30. Bb5+ Kd8 1-0

[Event "Mid Bohemia Region-chT 2223"]
[Site "Czech Republic"]
[Date "2022.10.30"]
[Round "2.2"]
[White "Pychova, Nela"]
[Black "Petrak, Robert"]
[Result "1-0"]
[WhiteElo "2107"]
[BlackElo "2008"]
[PlyCount "69"]
[EventDate "2022.10.09"]
[EventType "team-tourn"]
[EventRounds "11"]
[EventCountry "CZE"]
[SourceTitle "EXT 2024"]
[Source "ChessBase"]
[SourceDate "2023.10.10"]
[SourceVersion "1"]
[SourceVersionDate "2023.10.10"]
[SourceQuality "1"]
[WhiteTeam "Vlasim II"]
[BlackTeam "Odolena Voda Aero"]
[WhiteTeamCountry "CZE"]
[BlackTeamCountry "CZE"]

1. c4 c6 2. Nf3 d5 3. b3 Nf6 4. Bb2 g6 5. g3 Bg7 6. Bg2 0-0 7. 0-0 dxc4 8. bxc4 Nbd7 9. Qc2 Nc5 10. d3 Bg4 11. Ne5 Be6 12. Nd2 Qc7 13. d4 Ncd7 14. Nd3 Nb6 15. a4 Rad8 16. a5 Nbd7 17. e4 Nb8 18. Rfc1 Na6 19. Nb3 Ne8 20. d5 Bg4 21. Bxg7 Nxg7 22. Qb2 Bc8 23. Rab1 e6 24. e5 exd5 25. cxd5 Bf5 26. d6 Qc8 27. Rc3 Ne6 28. Nbc1 Rd7 29. Rc4 Bxd3 30. Nxd3 Qd8 31. Qc3 f6 32. Bh3 Qe8 33. f4 f5 34. Bg2 Qf7 35. Nb4 1-0

[Event "Tabor op"]
[Site "Tabor"]
[Date "2013.07.30"]
[Round "4"]
[White "Petrak, Robert"]
[Black "Lezak, Petr"]
[Result "1-0"]
[WhiteElo "2051"]
[BlackElo "1716"]
[PlyCount "61"]
[EventDate "2013.07.28"]
[EventType "swiss"]
[EventRounds "9"]
[EventCountry "CZE"]
[SourceTitle "CBM 155 Extra"]
[Source "ChessBase"]
[SourceDate "2013.08.26"]
[SourceVersion "1"]
[SourceVersionDate "2013.08.26"]
[SourceQuality "1"]

1. g3 e5 2. Bg2 Nc6 3. Nh3 Bc5 4. c4 Nf6 5. Nc3 0-0 6. a3 a5 7. d3 Ne7 8. Bg5 Ng4 9. e3 d6 10. Bxe7 Qxe7 11. 0-0 c6 12. d4 exd4 13. exd4 Bb6 14. Re1 Qf6 15. Re4 Nh6 16. Rf4 Qe6 17. d5 Qe5 18. Qd2 Bxh3 19. Bxh3 cxd5 20. Re1 Qg5 21. Nxd5 Bc5 22. b4 axb4 23. axb4 Ba7 24. Re7 Rab8 25. Qa2 Ra8 26. Qe2 Rab8 27. Bd7 Qg6 28. Ree4 Qg5 29. Ne7+ Kh8 30. h4 Qxg3+ 31. Kh1 1-0

[Event "Prague Golden op"]
[Site "Prague"]
[Date "2010.07.??"]
[Round "5"]
[White "Petrak, Robert"]
[Black "Haba, Zdenek"]
[Result "0-1"]
[WhiteElo "1965"]
[BlackElo "2250"]
[PlyCount "64"]
[EventDate "2010.07.??"]
[EventType "swiss"]
[EventRounds "9"]
[EventCountry "CZE"]
[SourceTitle "EXT 2012"]
[Source "ChessBase"]
[SourceDate "2011.11.24"]
[SourceVersion "1"]
[SourceVersionDate "2011.11.24"]
[SourceQuality "1"]

1. e3 g6 2. Ne2 b6 3. d4 Bb7 4. c4 Bg7 5. Nbc3 Nf6 6. d5 0-0 7. g3 e5 8. Bg2 d6 9. 0-0 Nbd7 10. b3 a5 11. Bb2 Nc5 12. Rc1 Nh5 13. g4 Nf6 14. Ng3 Bc8 15. h3 Ne8 16. e4 Bh6 17. Rc2 Ng7 18. Bc1 Bxc1 19. Rxc1 f5 20. exf5 gxf5 21. f3 Qh4 22. Kh2 h5 23. gxh5 f4 24. Nge4 Nf5 25. Nxc5 Ne3 26. Qe2 Nxf1+ 27. Bxf1 Qg3+ 28. Kh1 bxc5 29. Ne4 Qg7 30. Qf2 Kh8 31. Bd3 Rg8 32. Rg1 Qxg1+ 0-1

[Event "Prague Golden op"]
[Site "Prague"]
[Date "2010.07.??"]
[Round "7"]
[White "Petrak, Robert"]
[Black "Plasek, Zdenek"]
[Result "1-0"]
[WhiteElo "1965"]
[BlackElo "2015"]
[PlyCount "167"]
[EventDate "2010.07.??"]
[EventType "swiss"]
[EventRounds "9"]
[EventCountry "CZE"]
[SourceTitle "EXT 2012"]
[Source "ChessBase"]
[SourceDate "2011.11.24"]
[SourceVersion "1"]
[SourceVersionDate "2011.11.24"]
[SourceQuality "1"]

1. a4 g6 2. Na3 c5 3. b3 Bg7 4. Ra2 d5 5. Nf3 Nc6 6. g3 Nb4 7. Bb2 Nf6 8. Ra1 0-0 9. Bg2 Bf5 10. 0-0 Qd7 11. Re1 Nc6 12. d3 Rad8 13. Qd2 b6 14. c4 Na5 15. Qc2 a6 16. Rab1 d4 17. Bc1 Nc6 18. Bd2 a5 19. Rbd1 Ng4 20. Qc1 Nf6 21. Bh6 Bh3 22. Bh1 Bg4 23. Bg5 Ne8 24. Nc2 Nc7 25. Nh4 f6 26. Bd2 Ne5 27. Ng2 Nf7 28. Nf4 e5 29. Nd5 Nxd5 30. Bxd5 Be6 31. Bg2 Nd6 32. Rf1 Bg4 33. Rde1 Kh8 34. f3 Be6 35. Rf2 Nf7 36. Ref1 Qd6 37. Ne1 Bd7 38. Bh1 Rde8 39. Ng2 Bh3 40. Rd1 Bd7 41. Ne1 Bc6 42. Nc2 Qd7 43. Bg2 Nd6 44. Bh6 Bxh6 45. Qxh6 Qg7 46. Qd2 Qd7 47. Ra1 Kg7 48. Kf1 Qf5 49. Ke1 Qh5 50. Bh1 Qh6 51. e3 Nf5 52. e4 Nd6 53. Qe2 Qh3 54. Kd1 Qh6 55. Ne1 Bd7 56. Kc2 Bh3 57. Ra2 f5 58. Kb1 fxe4 59. dxe4 Qg5 60. Rc2 Bd7 61. Nd3 Qe7 62. Qd2 g5 63. Bg2 h6 64. Bf1 Rf6 65. Be2 Ref8 66. Bd1 Bc8 67. Qe1 Bb7 68. Rcd2 R6f7 69. Kb2 Qe6 70. Qh1 Qe7 71. Qg2 Ba6 72. Rc2 Bb7 73. h4 gxh4 74. gxh4+ Kh7 75. Qh2 Re8 76. Rg2 Rg7 77. Rxg7+ Qxg7 78. Rg2 Qf6 79. h5 Rg8 80. Rxg8 Kxg8 81. Qxe5 Qg5 82. Qxd6 Qd2+ 83. Bc2 Qc3+ 84. Kb1 1-0

[Event "Prague Golden op"]
[Site "Prague"]
[Date "2010.07.??"]
[Round "6"]
[White "Pick, Stepan"]
[Black "Petrak, Robert"]
[Result "1-0"]
[WhiteElo "2170"]
[BlackElo "1965"]
[PlyCount "157"]
[EventDate "2010.07.??"]
[EventType "swiss"]
[EventRounds "9"]
[EventCountry "CZE"]
[SourceTitle "EXT 2012"]
[Source "ChessBase"]
[SourceDate "2011.11.24"]
[SourceVersion "1"]
[SourceVersionDate "2011.11.24"]
[SourceQuality "1"]

1. c4 c6 2. Nf3 d5 3. e3 Nf6 4. Nc3 g6 5. d4 Bg7 6. Be2 0-0 7. 0-0 dxc4 8. Bxc4 b5 9. Be2 Nbd7 10. Bd2 Bb7 11. Qb3 Rb8 12. a4 a6 13. axb5 cxb5 14. Rfd1 Re8 15. Be1 h6 16. Nb1 Qb6 17. Ba5 Qc6 18. Nc3 Ba8 19. d5 Qb7 20. Bb4 Rbc8 21. Qa3 Nb8 22. e4 Nh5 23. Bf1 Qd7 24. Qb3 Bb7 25. h3 Bf8 26. Nd4 Qc7 27. Qc2 Nd7 28. Qd2 Ne5 29. b3 Ra8 30. Nce2 Rec8 31. f4 Nd7 32. Rdc1 Qb6 33. Ba5 Qa7 34. Kh1 Ndf6 35. Qd3 Ne8 36. Nc6 Qf2 37. Qf3 Qxf3 38. gxf3 e6 39. f5 gxf5 40. exf5 Nd6 41. fxe6 fxe6 42. Ned4 Ng3+ 43. Kh2 Nxf1+ 44. Rxf1 exd5 45. Rg1+ Kh7 46. Ne5 Bg7 47. f4 Re8 48. Rae1 Rac8 49. Rg2 Bf6 50. Bb4 Ne4 51. Nf5 Rg8 52. Rxg8 Rxg8 53. Ng4 Rg6 54. Rc1 Bd8 55. Ne5 Rf6 56. Be7 Rxf5 57. Bxd8 Rf8 58. Rc7+ Kg8 59. Be7 Rb8 60. Nd7 Re8 61. Nf6+ Nxf6 62. Bxf6 Bc8 63. Kg3 Bf5 64. Be5 Re6 65. h4 Rg6+ 66. Kf3 Be4+ 67. Ke3 Rg3+ 68. Kd4 Rxb3 69. Ra7 Rb4+ 70. Kc5 Ra4 71. Kd6 d4 72. Ke6 d3 73. Rg7+ Kf8 74. Rd7 Ke8 75. Rg7 Bd5+ 76. Kxd5 d2 77. Ke6 Kf8 78. Rd7 Ke8 79. Rxd2 1-0

[Event "Prague KS op-A"]
[Site "Prague"]
[Date "2007.??.??"]
[Round "8"]
[White "Petrak, Robert"]
[Black "Koller, Martin"]
[Result "1-0"]
[WhiteElo "2076"]
[BlackElo "1608"]
[PlyCount "125"]
[EventDate "2007.??.??"]
[EventType "swiss"]
[EventRounds "9"]
[EventCountry "CZE"]
[SourceTitle "EXT 2008"]
[Source "ChessBase"]
[SourceDate "2007.11.25"]
[SourceVersion "1"]
[SourceVersionDate "2007.11.25"]
[SourceQuality "1"]

1. e3 Nf6 2. Ne2 g6 3. g3 Bg7 4. Bg2 0-0 5. 0-0 d6 6. d4 c6 7. c4 e5 8. Nbc3 Bf5 9. h3 Qe7 10. b3 Na6 11. a4 h5 12. Ba3 Qc7 13. b4 Rfe8 14. dxe5 dxe5 15. Qb3 Rad8 16. Ra2 Be6 17. Rc1 Nb8 18. Rb2 b6 19. b5 c5 20. Nd5 Nxd5 21. cxd5 Bc8 22. a5 Bb7 23. e4 Bf8 24. axb6 axb6 25. Ra2 Nd7 26. Qc4 Bd6 27. Rca1 Ra8 28. Bc1 Rxa2 29. Rxa2 Ra8 30. Rxa8+ Bxa8 31. f4 f6 32. Bf3 Kg7 33. f5 Qc8 34. Kg2 Bb7 35. fxg6 Kxg6 36. g4 hxg4 37. Bxg4 Qc7 38. Qd3 Bc8 39. Qg3 Kf7 40. Be6+ Ke7 41. Qg4 Kd8 42. Qf5 Be7 43. Bh6 Qd6 44. Bg7 Kc7 45. h4 Bf8 46. Bxf8 Qxf8 47. h5 Qh6 48. Ng3 c4 49. Kh3 c3 50. Qf3 Qd2 51. Qe2 Nc5 52. d6+ Kd8 53. Bxc8 Kxc8 54. Qg4+ Nd7 55. Qe6 c2 56. Qe8+ Kb7 57. Qxd7+ Ka8 58. Qc8+ Ka7 59. Qa6+ Kb8 60. Qxb6+ Ka8 61. Qd8+ Ka7 62. Qc7+ Ka8 63. b6 1-0

[Event "Prague op-A"]
[Site "Prague"]
[Date "2006.07.08"]
[Round "8"]
[White "Petrak, Robert"]
[Black "Masek, Miroslav"]
[Result "1-0"]
[WhiteElo "2095"]
[BlackElo "2161"]
[PlyCount "93"]
[EventDate "2006.07.01"]
[EventType "swiss"]
[EventRounds "9"]
[EventCountry "CZE"]
[SourceTitle "EXT 2007"]
[Source "ChessBase"]
[SourceDate "2006.11.23"]
[SourceVersion "1"]
[SourceVersionDate "2006.11.23"]
[SourceQuality "1"]

1. e3 b6 2. Ne2 Bb7 3. d4 e6 4. c4 f5 5. Nbc3 Nf6 6. a3 Be7 7. d5 0-0 8. g3 e5 9. Bg2 d6 10. 0-0 a6 11. f4 g6 12. fxe5 dxe5 13. d6 Bxg2 14. dxe7 Qxe7 15. Kxg2 c6 16. Qb3 Nbd7 17. c5+ Kg7 18. cxb6 Rab8 19. Qc4 Nxb6 20. Qxa6 Rf7 21. b4 Qd6 22. Na4 Nc4 23. Nc5 Qd5+ 24. Kg1 Ne4 25. Nxe4 fxe4 26. Rxf7+ Qxf7 27. Qxc6 Rf8 28. Nf4 exf4 29. gxf4 Rd8 30. Rb1 Rd1+ 31. Kf2 Kh6 32. Qxe4 Nd6 33. Qf3 Ne4+ 34. Qxe4 Qf6 35. Ke2 Qd8 36. f5 g5 37. Qc2 Rg1 38. Kf2 Rg4 39. Qc6+ Kh5 40. h3 Rh4 41. Qf3+ Kh6 42. e4 Qc8 43. Qd3 Qb7 44. Bxg5+ Kxg5 45. Rg1+ Kh5 46. Qf3+ Kh6 47. Qe3+ 1-0

[Event "Prague op-A"]
[Site "Prague"]
[Date "2006.07.05"]
[Round "5"]
[White "Petrak, Robert"]
[Black "Rakous, Pavel"]
[Result "1-0"]
[WhiteElo "2095"]
[BlackElo "2025"]
[PlyCount "129"]
[EventDate "2006.07.01"]
[EventType "swiss"]
[EventRounds "9"]
[EventCountry "CZE"]
[SourceTitle "EXT 2007"]
[Source "ChessBase"]
[SourceDate "2006.11.23"]
[SourceVersion "1"]
[SourceVersionDate "2006.11.23"]
[SourceQuality "1"]

1. e3 c5 2. Ne2 g6 3. g3 Bg7 4. Bg2 Nf6 5. c4 e6 6. Nbc3 d5 7. cxd5 exd5 8. d4 cxd4 9. Nxd4 0-0 10. Qb3 Nc6 11. Nxc6 bxc6 12. 0-0 Be6 13. Rd1 Qc8 14. Qa4 Rd8 15. Bd2 Rb8 16. b3 a6 17. Rac1 c5 18. Be1 Bf8 19. Bf1 Rb6 20. Ne2 Rc6 21. Nd4 Rcd6 22. Qa5 Bh3 23. Rxc5 Qd7 24. Rc7 Qg4 25. Be2 Qe4 26. Bf3 Qe8 27. Bb4 Ne4 28. Bxd6 Bxd6 29. Rc2 Be5 30. Nc6 Rd6 31. Rxd5 Bf6 32. Rxd6 Nxd6 33. Qd5 Nb5 34. g4 h6 35. e4 Kg7 36. e5 Bg5 37. Nb4 h5 38. gxh5 Be6 39. Qd1 Bf4 40. Nd3 Bg5 41. Bc6 Qd8 42. Bxb5 axb5 43. Nb2 Qa5 44. Nd3 Qd8 45. Nb2 Qa5 46. hxg6 Kxg6 47. Nd3 Qb6 48. Rc5 Qb7 49. Qe2 Qd7 50. Qe4+ Kg7 51. Ne1 Qd1 52. Kg2 Be7 53. Rxb5 Qh5 54. Qf3 Bg4 55. Qc3 Kh7 56. a4 Bf5 57. e6 Qg4+ 58. Qg3 Qe4+ 59. Nf3 fxe6 60. Re5 Qc6 61. Qf4 Kg6 62. Kg1 Bf6 63. Re1 Qc2 64. Qc4 Qb2 65. a5 1-0

[Event "Prague op-A"]
[Site "Prague"]
[Date "2006.07.04"]
[Round "4"]
[White "Chalupa, Ivan"]
[Black "Petrak, Robert"]
[Result "1-0"]
[WhiteElo "2200"]
[BlackElo "2095"]
[PlyCount "63"]
[EventDate "2006.07.01"]
[EventType "swiss"]
[EventRounds "9"]
[EventCountry "CZE"]
[SourceTitle "EXT 2007"]
[Source "ChessBase"]
[SourceDate "2006.11.23"]
[SourceVersion "1"]
[SourceVersionDate "2006.11.23"]
[SourceQuality "1"]

1. e4 Nf6 2. e5 Nd5 3. d4 d6 4. Nf3 Bg4 5. Be2 Nc6 6. exd6 Qxd6 7. 0-0 0-0-0 8. Na3 Nf4 9. Bxf4 Qxf4 10. c3 e5 11. d5 e4 12. Qb3 Na5 13. Qa4 Bxf3 14. Bxf3 Bd6 15. g3 Qxf3 16. Qxa5 Kb8 17. Nb5 a6 18. Nd4 Qg4 19. b4 Be5 20. d6 Bxd6 21. b5 axb5 22. Nxb5 Qf5 23. Qa7+ Kc8 24. Qa8+ Kd7 25. Nxd6 cxd6 26. Qxb7+ Ke6 27. Rae1 d5 28. c4 Rhe8 29. f3 e3 30. Rxe3+ Kf6 31. Qb6+ Kg5 32. h4+ 1-0

[Event "Prague-ch 3rd lag"]
[Site "Prague"]
[Date "2006.05.18"]
[Round "6"]
[White "Petrak, Robert"]
[Black "Horinek, Karel"]
[Result "1-0"]
[WhiteElo "2088"]
[BlackElo "2131"]
[PlyCount "77"]
[EventDate "2006.04.13"]
[EventType "swiss"]
[EventRounds "7"]
[EventCountry "CZE"]
[SourceTitle "EXT 2008"]
[Source "ChessBase"]
[SourceDate "2007.11.25"]
[SourceVersion "1"]
[SourceVersionDate "2007.11.25"]
[SourceQuality "1"]

1. e3 d5 2. Ne2 c5 3. g3 Bg4 4. Bg2 Nc6 5. c4 d4 6. Qb3 Qd7 7. h3 Bf5 8. exd4 cxd4 9. g4 Bxb1 10. Rxb1 e5 11. d3 Bb4+ 12. Bd2 Bxd2+ 13. Kxd2 Nge7 14. f4 f5 15. fxe5 fxg4 16. Rbf1 0-0-0 17. Rf4 Nxe5 18. hxg4 N7c6 19. Nxd4 g5 20. Re4 Nxd3 21. Qxd3 Nxd4 22. Kc1 Qg7 23. Rhe1 Nc6 24. Qa3 Qd7 25. R4e2 Kb8 26. Bd5 Qxg4 27. Bxc6 Qxc4+ 28. Rc2 Qf4+ 29. Kb1 bxc6 30. Rxc6 Qf5+ 31. Ka1 Qd5 32. Rcc1 Rd7 33. Qg3+ Ka8 34. Re5 Qd4 35. Qg2+ Rb7 36. Re7 Qb4 37. Rcc7 Rd8 38. Rcd7 Rc8 39. Kb1 1-0

[Event "Prague ProMoPro op"]
[Site "Prague"]
[Date "2005.09.22"]
[Round "8"]
[White "Srba, Milan"]
[Black "Petrak, Robert"]
[Result "1-0"]
[WhiteElo "2222"]
[BlackElo "2047"]
[PlyCount "59"]
[EventDate "2005.09.15"]
[EventType "swiss"]
[EventRounds "9"]
[EventCountry "CZE"]
[SourceTitle "CBM 108 Extra"]
[Source "ChessBase"]
[SourceDate "2005.11.04"]
[SourceVersion "1"]
[SourceVersionDate "2005.11.04"]
[SourceQuality "1"]

1. e4 Nf6 2. e5 Nd5 3. d4 d6 4. c4 Nb6 5. exd6 Qxd6 6. c5 Qe6+ 7. Be2 Nd5 8. Nf3 Nc6 9. 0-0 Bd7 10. Nc3 f6 11. Re1 0-0-0 12. Ba6 Qg8 13. Qb3 bxa6 14. Nxd5 Bg4 15. Nxe7+ Bxe7 16. Qa4 Bxf3 17. Qxa6+ Kb8 18. gxf3 Nxd4 19. c6 Nxc6 20. Qb5+ Kc8 21. Qxc6 Bd6 22. Be3 Qf7 23. Rac1 Qh5 24. f4 g5 25. Red1 Qg4+ 26. Kh1 Qe6 27. Qa6+ Kd7 28. Rxc7+ Ke8 29. Qc6+ Kf8 30. Rxd6 1-0

[Event "Prague ProMoPro op"]
[Site "Prague"]
[Date "2005.09.20"]
[Round "6"]
[White "Groh, Jiri"]
[Black "Petrak, Robert"]
[Result "1-0"]
[WhiteElo "2137"]
[BlackElo "2047"]
[PlyCount "41"]
[EventDate "2005.09.15"]
[EventType "swiss"]
[EventRounds "9"]
[EventCountry "CZE"]
[SourceTitle "CBM 108 Extra"]
[Source "ChessBase"]
[SourceDate "2005.11.04"]
[SourceVersion "1"]
[SourceVersionDate "2005.11.04"]
[SourceQuality "1"]

1. c4 c6 2. Nf3 d5 3. cxd5 cxd5 4. d4 Nf6 5. g3 g6 6. Bg2 Bg7 7. Nc3 0-0 8. 0-0 Nc6 9. Bf4 Ne4 10. Qb3 e6 11. Rac1 Bxd4 12. Nxe4 dxe4 13. Nxd4 Nxd4 14. Qe3 Nf5 15. Qxe4 Qa5 16. Be5 Qxa2 17. Bf6 Ng7 18. g4 Qa5 19. Qf4 e5 20. Qh6 Ne8 21. Be7 1-0

[Event "Prague op-A 04th"]
[Site "Prague"]
[Date "2005.01.19"]
[Round "7"]
[White "Simkin, Alexander"]
[Black "Petrak, Robert"]
[Result "1-0"]
[WhiteElo "1977"]
[BlackElo "2148"]
[PlyCount "61"]
[EventDate "2005.01.14"]
[EventType "swiss"]
[EventRounds "9"]
[EventCountry "CZE"]
[SourceTitle "CBM 104 Extra"]
[Source "ChessBase"]
[SourceDate "2005.03.01"]
[SourceVersion "1"]
[SourceVersionDate "2005.03.01"]
[SourceQuality "1"]

1. e4 Nf6 2. e5 Nd5 3. d4 d6 4. Nf3 Bg4 5. Be2 Nc6 6. 0-0 Nb6 7. h3 Bxf3 8. Bxf3 dxe5 9. Bxc6+ bxc6 10. dxe5 Qd5 11. Qe2 Nd7 12. f4 e6 13. Nc3 Qa5 14. Ne4 Be7 15. Be3 0-0 16. c4 Rad8 17. b3 Nb6 18. Rad1 h6 19. Qf2 f5 20. exf6 Rxd1 21. Rxd1 Bxf6 22. Bc5 Rf7 23. Nxf6+ Rxf6 24. Rd8+ Kh7 25. Bd4 Rg6 26. Be5 Qa3 27. Bxc7 Qe7 28. Bxb6 axb6 29. Qxb6 e5 30. Qb8 Re6 31. f5 1-0

[Event "Prague Visus op"]
[Site "Prague"]
[Date "2004.??.??"]
[Round "?"]
[White "Gutdeutsch, Otto"]
[Black "Petrak, Robert"]
[Result "0-1"]
[WhiteElo "2116"]
[BlackElo "2143"]
[PlyCount "56"]
[EventDate "2004.07.??"]
[EventType "swiss"]
[EventRounds "9"]
[EventCountry "CZE"]
[SourceTitle "EXT 2006"]
[Source "ChessBase"]
[SourceDate "2005.11.24"]
[SourceVersion "1"]
[SourceVersionDate "2005.11.24"]
[SourceQuality "1"]

1. e4 Nf6 2. Nc3 d5 3. exd5 Nxd5 4. Nxd5 Qxd5 5. Nf3 Bg4 6. Be2 Nc6 7. c3 e5 8. d3 0-0-0 9. 0-0 e4 10. dxe4 Qxe4 11. Qe1 Bc5 12. Be3 Bxe3 13. fxe3 Qxe3+ 14. Qf2 Rhe8 15. Bb5 Bxf3 16. gxf3 Rd6 17. Rae1 Qxf2+ 18. Kxf2 Rxe1 19. Kxe1 Ne7 20. Rf2 c6 21. Bc4 f6 22. Re2 Kd7 23. Kf2 f5 24. f4 g6 25. Kf3 Nd5 26. Rd2 Nf6 27. Re2 Ne4 28. h4 Nd2+ 0-1